| 000 | 01107cam a22002774a 4500 | ||
|---|---|---|---|
| 001 | 12148536 | ||
| 005 | 20250916094004.0 | ||
| 008 | 000818s2001 cau b 001 0 eng | ||
| 020 |
_a0761922210 _qcloth : alk. paper |
||
| 020 |
_a0761922229 _qpbk. : alk. paper |
||
| 020 |
_a9780761922216 _q(cloth : alk. paper) |
||
| 020 |
_a9780761922223 _q(pbk. : alk. paper) |
||
| 050 | 0 | 0 |
_aH61.8 _b.S964 2001 |
| 082 | 0 | 0 |
_a001.4/2 _221 |
| 100 | 1 |
_aSumser, John, _d1948- |
|
| 245 | 1 | 2 |
_aA guide to empirical research in communication : _brules for looking / _cJohn Sumser. |
| 260 |
_aThousand Oaks, Calif. : _bSage Publications, _cc2001. |
||
| 300 |
_avii, 239 p. ; _c23 cm. |
||
| 650 | 0 |
_aCommunication in the social sciences _xResearch. |
|
| 650 | 0 |
_aCommunication in the social sciences _xMethodology. |
|
| 650 | 0 |
_aSocial sciences _xResearch. |
|
| 650 | 0 |
_aSocial sciences _xMethodology. |
|
| 856 | 4 | 2 |
_3Publisher description _uhttp://www.loc.gov/catdir/enhancements/fy0656/00011029-d.html |
| 856 | 4 | 1 |
_3Table of contents only _uhttp://www.loc.gov/catdir/enhancements/fy0656/00011029-t.html |
| 942 |
_2lcc _cBK _n0 |
||
| 999 |
_c7568 _d7568 |
||